000 00947nam a22002417a 4500
005 20240530110443.0
008 150422s2010 su ao f b 000 0 ara d
017 _a1431/7636
_bالسعودية . مكتبة الملك فهد الوطنية
020 _a9786038005620
040 _aEG-CaGPL
082 0 4 _221
_a632\
_bم ت
100 0 _aمديح محمد على
245 1 0 _aتاريخ امراض النباتات و اثرها فى حياة البشر /
_cمديح محمد على
250 _aط1
260 _aالرياض :
_bدار الزهراء للنشر و التوزيع ،
_c2010 .
300 _a280 ص :
_bصور ؛
_c24 سم .
504 _aيشتمل على ارجاعات ببليوجرافية
650 0 4 _aالنبات
_xامراض
650 0 4 _aالفطريات فى الزراعة
650 0 4 _aالنباتات
_xتاثير المبيد على
942 _2ddc
_cBK
999 _c61086
_d61086